000 01423nam a22001817a 4500
999 _c4453
_d4453
003 OSt
005 20250221083218.0
008 250221b ||||| |||| 00| 0 eng d
020 _a9781447231301
040 _cKH8
082 _aFIC ARC
100 _aArcher, Jeffrey,
_eauthor.
245 _aThe Collected Short Stories /
_cJeffrey Archer.
260 _aLondon ;
_bMacmillan Publisher Limited ,
_c2012.
300 _a975 pages :
_c24 cm.
520 _aMillions of readers around the world have relished Jeffrey Archer's shortstories. Now, for the first time, all three collections are gathered together inone handsome volume. One of the most acclaimed authors writing today, JeffreyArcher is a dazzling storyteller. A master of character and suspense, he has agift for the unexpected plot twist that has catapulted all three of his shortstory collections--A Quiver Full of Arrows, A Twist in the Tales, and Twelve Red Herrings--onto international bestseller lists and earned himwidespread critical praise. The stories from A Quiver Full of Arrowstake is on a tour of ancient heirlooms and modern romance, of cutthroat businessand kindly strangers, of lives lived in the realms of power. Fortunes are madeand squandered, honor betrayed and redeemed, love lost and rediscovered. AsPublishers Weekly said about this collection, "Somerset Maugham neverpenned anything so swift or urbanely witty as this."
942 _2ddc
_cFIC